المشكلة الأخلاقية و الفكر المعاصر / (Record no. 13898)
[ view plain ]
| 000 -الفاتح | |
|---|---|
| حقل البيانات ثابتة الطول | 00744nam a22001577a 4500 |
| 008 - عناصر البيانات ثابتة الطول - معلومات عامة | |
| حقل البيانات ثابتة الطول | 100415t1958 xxu||||| |||| 00| 0 ARA d |
| 082 ## - رقم تصنيف ديوى العشرى | |
| رقم الطبعة | 21 |
| رقم التصنيف | 174.9 |
| رقم المادة | ب ا ر |
| 100 ## - المدخل الرئيسى - إسم شخصى | |
| 9 (RLIN) | 13577 |
| الإسم الشخصى | بارودى |
| 245 ## - بيان العنوان | |
| العنوان | المشكلة الأخلاقية و الفكر المعاصر / |
| بيان المسئوليه,etc | بارودى, نقله إلى العربية محمد غلاب. |
| 250 ## - بيان الطبعة | |
| بيان الطبعة | ط 2. |
| بقية بيان الطبعة | مزيدة ومنقحة |
| 260 ## - PUBLICATION, DISTRIBUTION, ETC. (IMPRINT) | |
| مكان الناشر او الموزع | [القاهرة]: |
| اسم الناشر او الموزع | مكتبة الأنجلو المصرية , |
| تاريخ النشر أو التوزيع | [1959]. |
| 300 ## - الوصف المادى | |
| التعداد | 350 ص؛ |
| أبعاد الوعاء | 20 سم |
| 650 ## - المدخل الاضافى بالموضوع-مصطلح موضوعى | |
| 9 (RLIN) | 13581 |
| مصطلح موضوعي أو اسم جغرافي كعنصر مدخل | الأخلاق - فلسفة |
| 942 ## - عناصر المدخل الإضافي( كوها) | |
| مصدر التصنيف او مخطط الترفيف | Dewey Decimal Classification |
| Koha [default] item type | Book - Borrowing |
| حالة التراجع | حالة الفقد | مصدر التصنيف او خطة الترفيف | حالة تلف | ليس للاعارة | مجموعات كوها | المكان الدائم | المكان الحالي | موقع الترفيف | تاريخ الاكتساب | Source of acquisition | رقم الاستدعاء | الباركود | Date last seen | مُعار | نوع الوعاء |
|---|---|---|---|---|---|---|---|---|---|---|---|---|---|---|---|
| Dewey Decimal Classification | Alef-Baa | Central Library | Central Library | Lower Floor | 15/04/2010 | 174.9 ب ا ر | 000020454 | 15/07/2025 | 19/03/2013 | Book - Borrowing |